| 000 | 00687nam a2200253 a 4500 | ||
|---|---|---|---|
| 001 | nice12345678 | ||
| 003 | IN_TiNIC | ||
| 005 | 20260116011540.0 | ||
| 008 | 050524s1931 dela grp 000 0 urd | ||
| 020 |
_a _c100 |
||
| 082 | 0 | 0 |
_a297.1227 _bAHM1 |
| 100 | _aAhmed, Abul Kalam (azad) | ||
| 245 | _aTarjumanul Quran | ||
| 260 |
_aDelhi _bOffice of Tarjuman-E-Quran _c1931 |
||
| 500 | _aincludes index and biblioraphy | ||
| 505 | 2 | _a3 vols. bound together | |
| 505 | 2 |
_a3 vols. bound together00 _gV1. _tTarjumanul Quran. |
|
| 650 | _aQuran-Hermeneutics | ||
| 650 | _aAbul Kalam Azad | ||
| 700 | 1 | _aAhmed, Abul Kalam (azad) | |
| 902 | _bRHR | ||
| 942 | _cBK | ||
| 999 |
_c2529 _d2529 |
||